000 00381nam a2200145 a 4500
005 20140414131935.0
008 110112s19uu xx 00 eng d
050 _aREF 550.21
_bW57 2004
245 _aWhere do rivers go? :
_bPlanet earth.
260 _aNashville, Tennessee :
_bMiles Kelly,
_c2004.
440 _aAsk me why
650 _aEarth
_x
650 _a
999 _c112402
_d112402